Snow White - Characters by Picture - Statistics

General Stats
  • This quiz has been taken 58 times
  • The average score is 11 of 77
Answer Stats
Picture Answer % Correct
Snow White
98%
The Evil Queen / Grimhilde
95%
Grumpy
93%
Doc
91%
Sleepy
91%
Bashful
86%
Happy
81%
Prince
81%
Dopey
77%
Magic Mirror
72%
Sneezy
72%
The Huntsman
60%
Little Red Riding Hood
7%
Fairy Godmother
5%
Big Bad Wolf
2%
Cobby
2%
Crystal Ball
2%
Gingerbread Witch
2%
Gingersnaps
2%
Giselle
2%
Goldilocks
2%
Great-Great-Grandmommers Whimsical
2%
Grim Gloom
2%
Hildy Gloom
2%
Lady Ginorma
2%
Lord Grudgemunger
2%
Lord Starchbottom
2%
Nicely Done
2%
Peaches
2%
Queen Delightful
2%
Salvatrolle
2%
Shapeshifter
2%
Sir Yipsalot
2%
Squire Peckington
2%
Tooth Fairy
2%
Baroness Bon Bon
0%
Beansie McBeanBean
0%
Bingo
0%
Coach Coachy
0%
Dirk Dumphrey / Enchanted Forest Ranger
0%
Dr. Jingleheimer
0%
Dr. Sweet Tooth
0%
Duchess of Dreary
0%
Duke of Dreary
0%
Eenie
0%
Finders Keepers
0%
Flappy Jackson
0%
Freem
0%
Ghost Girl
0%
Jack Flashback
0%
Kep Gerkin
0%
King Groucharoonie
0%
King of Echoes
0%
King Yo
0%
Maid Marzipan
0%
Nabble
0%
Nini the Nice
0%
Nocturna
0%
Not-So-Magic Mirror
0%
Nougat the Candy Sprite
0%
Paddy Puddle
0%
Princess Prettyhead
0%
Professor Crackers
0%
Roar
0%
Sally
0%
Sandy the Sandman
0%
Sheriff of Plottingham
0%
Sid
0%
Sir Charms-A-Lot
0%
Snazzy Shazam
0%
Sorcerer
0%
Suave Seashell
0%
Tangy the Candy Sprite
0%
Uncle Hamidor
0%
Water Witch
0%
Whoopty Doopty Schmoodily Duck
0%
Zoinky McZoinky
0%
No matching quizzes found
Score Distribution
Percent of People with Each Score
Percentile by Number Answered
Your Score History
You have not taken this quiz